Statistics for Tottenham Hotspur Best Scorer By Year

Click here to take the quiz!

General Stats

  • This quiz has been taken 2,891 times
    (1,275 since last reset)
  • The average score is 9 of 35

Answer Stats

Player% Correct
Harry Kane
100%
Son Heung-min
99%
Gareth Bale
67%
Jermain Defoe
67%
Robbie Keane
53%
Teddy Sheringham
49%
Jimmy Greaves
47%
Emmanuel Adebayor
45%
Dimitar Berbatov
43%
Gary Lineker
37%
Jürgen Klinsmann
37%
Rafael van der Vaart
27%
Darren Bent
26%
Glenn Hoddle
26%
Les Ferdinand
23%
Clive Allen
17%
Bobby Smith
16%
Chris Armstrong
15%
Steffen Iversen
15%
Chris Waddle
13%
Chris Jones
12%
Martin Chivers
11%
Steve Archibald
11%
Garth Crooks
9%
Gustavo Poyet
8%
Mark Falco
6%
John Duncan
3%
Peter Taylor
3%
George Robb
2%
Len Duquemin
2%
Alfie Stokes
1%
John Brooks
1%
Johnny Gavin
1%
Les Bennett
1%
Sonny Walters
1%

Score Distribution

Percentile by Number Answered

Percent of People with Each Score

Your Score History

You have not taken this quiz since the last reset